00800nam a2200229Ia 4500003000900000008004100009020001800050040001600068080001300084100002600097245012800123260003600251300001300287650004100300650003300341650003100374650002500405650001800430942000700448999001500455952010000470IN-BaIIA211028s9999 xx 000 0 eng d a0-387-90966-4 cIIA Library a538bBAU aBauer, Frances913651 0aMagnetohydrodynamics equilibrium and stability of stellaratorscFrances Bauer  aNew YorkbSpringer-Verlagc1984 ax, 196p. aAstronomy and astrophysics thesaurus aCosmic electrodynamics93143 aMagnetohydrodynamics91666 aPlasma physics93732 aPlasmas91898 cBK c8101d8101 00104070aBANbBANcGENd1985-02-19l0o538/ BAUp8938r2021-11-05w1985-02-19yBKGDM 110.00